000 00433pab a2200157 454500
008 180718b2013 xxu||||| |||| 00| 0 eng d
100 _aAgranoff, Robert
245 _aThe transformation of public sector intellectual, development disabilities programming
260 _c2013
300 _ap.S127-138
362 _aSept-Oct
650 _aDisabilities
773 _aPublic Administration Review
908 _aN
909 _a103169
999 _c103165
_d103165